| 000 | 00338nam a22001337a 4500 | ||
|---|---|---|---|
| 020 | _a0-471-51533 | ||
| 082 | _a621.885 LEB'P | ||
| 100 |
_aLEBECK, A. D _967595 |
||
| 245 | _aPRINCIPLES AND DESIGN OF MECHANICAL FACE SCALS | ||
| 260 |
_aNEWYORK _bJOHN WILEY _c1991 |
||
| 300 | _a764P | ||
| 650 |
_aSCALING TECHNOLOGY _967596 |
||
| 942 | _cBK | ||
| 999 |
_c575330 _d575330 |
||